000 01108nas a2200373 4500
001 BR0504368
003 BR-BrBNA
005 20231205105607.0
007 ta
008 230509b bl.|||p| |||| 00| 00por d
040 _aBR-BrBNA
_bpor
_cBiblioteca Nacional de Agricultura
041 _a(Pt)
072 _aF62; F08
100 1 _aRibas, R.G.T.
100 1 _aJunqueira, R.M.
100 1 _aOliveira, F.L. de
100 1 _aGuerra, J.G.M.
100 1 _aAlmeida, D.L. de
100 1 _aAlves, B.J.R.
100 1 _aRibeiro, R. de L.D.
245 1 _aDesempenho do quiabeiro (Abelmoschus esculentus)consorciado com Crotalaria juncea sob manejo orgânico
650 _aQUIABO
650 _aCÂNHAMO DA ÍNDIA
650 _aCONSORCIAÇÃO DE CULTURA
650 _aAGRICULTURA ORGÂNICA
650 _aADUBO VERDE
650 _aESTERCO DE GADO
650 _aRENDIMENTO
650 _aCRESCIMENTO
650 _aRIO DE JANEIRO
773 0 _tAgronomia (Brazil)
_xISSN 0365-2718
_g(Aug-Dec 2003), v. 37(2) p. 80-84
_wBR0504368
909 _a202311
_bLúcia
_c55
_dLúcia Elande
942 _2AGRIS
_n0
_cANA
999 _c183700
_d183700